000
00340nam a2200121Ia 4500
008
200619s9999 xx 000 0 und d
020
_a
9800000000000
100
_a
Santos Boaventura De Sousa
245
0
_a
Voices of the World
264
_b
Universal Vertrieb
_c
2009
942
_c
IR
999
_c
120349
_d
120349